US States Flag-Shape Picture Quiz #1 - Statistics

General Stats
  • This quiz has been taken 3,412 times
  • The average score is 12 of 16
Answer Stats
Answer % Correct
California
99%
Hawaii
90%
Florida
88%
New Mexico
79%
Maine
78%
West Virginia
76%
Kentucky
75%
Ohio
75%
South Dakota
74%
Nebraska
73%
New Jersey
73%
Delaware
72%
Oregon
71%
Iowa
70%
Missouri
69%
North Dakota
64%
No matching quizzes found
Score Distribution
Percent of People with Each Score
Percentile by Number Answered
Your Score History
You have not taken this quiz